000 00918nam a22003017a 4500
001 BR7310784
003 BR-BrBNA
005 20230928084218.0
007 ta
008 230509b bl.||||| |||| 00| 0 por d
040 _aBR-BrBNA
_bpor
_cBiblioteca Nacional de Agricultura
041 _a(Por)
072 _aB50; F23; P10
_b/G514
090 _ B50 BR7310784
100 1 _aLopes, J.C.V.
245 1 _aEsboco historico da Fazenda Santa Rita [geomorfologia, hidrografia, geologia, vegetacao, Parana, Brasil]
260 3 _aCuritiba, PR (Brasil):
_c1973.
300 _a55 p.
500 _aBibliography p. 54-55 (57 ref.). (*) Documento disponível na(o) Biblioteca Publica do Parana, Curitiba (Brazil)
650 _aHISTORIA
650 _aGEOMORFOLOGIA
650 _aHIDROGRAFIA
650 _aGEOLOGIA
650 _aVEGETACAO
650 _aFAZENDA
909 _a202309
_bLucia
_c55
_dLucia Elande
942 _cBK
999 _c17487
_d17487